000 00714nam a2200253Ia 4500
003 OSt
005 20251003161005.0
008 210210b2010 xxu||||| |||| 00| 0 eng d
020 _a9780205683581
040 _cAL
041 _aeng
082 _a158.7 SCHP
100 _aDuane P Schultz
_945532
245 _aPsychology and work today
_b: an introduction to industrial and organizational psychology Ed 10
250 _a10
260 _aBoston
_bPrentice Hall
_c2010
300 _axxv,426p
650 _aEngineering psychology
_945533
650 _aConsumer Psychology
_945534
690 _aIndustrial Psychology
_945535
700 _aSchultz, Sydney Ellen
_945536
906 _a065528
942 _2ddc
_cBK
999 _c145493
_d145493